ՀՀ Գիտությունների ազգային ակադեմիայի հիմնարար գիտական գրադարան  =   Fundamental Scientific Library of NAS RA

Psychoanalytic pioneers / (Record no. 203947)

MARC details
000 -LEADER
fixed length control field 00903cam a2200253 a 4500
001 - CONTROL NUMBER
control field 000542701
003 - CONTROL NUMBER IDENTIFIER
control field AM-YeHGA
005 - DATE AND TIME OF LATEST TRANSACTION
control field 20250617135621.0
008 - FIXED-LENGTH DATA ELEMENTS--GENERAL INFORMATION
fixed length control field 941108r19951966nju||||||b||||001|0ceng|d
020 ## - INTERNATIONAL STANDARD BOOK NUMBER
International Standard Book Number 1560008156 (pbk. : alk. paper)
040 ## - CATALOGING SOURCE
Original cataloging agency AM-YeHGA
041 0# - LANGUAGE CODE
Language code of text/sound track or separate title eng
090 ## - LOCALLY ASSIGNED LC-TYPE CALL NUMBER (OCLC); LOCAL CALL NUMBER (RLIN)
-- 205442
245 00 - TITLE STATEMENT
Title Psychoanalytic pioneers /
Statement of responsibility, etc. Ed. by Franz Alexander, Samuel Eisenstein, Martin Grotjahn ; With a new introduction by Samuel Eisenstein.
260 ## - PUBLICATION, DISTRIBUTION, ETC.
Place of publication, distribution, etc. New Brunswick, N.J., U.S.A. :
Name of publisher, distributor, etc. Transaction Publishers,
Date of publication, distribution, etc. 1995.
300 ## - PHYSICAL DESCRIPTION
Extent xxxi, 616 p. ;
Dimensions 23 cm.
500 ## - GENERAL NOTE
General note Originally published: New York : Basic Books, 1966.
504 ## - BIBLIOGRAPHY, ETC. NOTE
Bibliography, etc. note Includes bibliogr. references and indexes.
650 #0 - SUBJECT ADDED ENTRY--TOPICAL TERM
Topical term or geographic name entry element Psychoanalysts
General subdivision Biography
650 #0 - SUBJECT ADDED ENTRY--TOPICAL TERM
Topical term or geographic name entry element Psychoanalysis
General subdivision History
700 1# - ADDED ENTRY--PERSONAL NAME
Personal name Alexander, Franz,
Dates associated with a name 1891-
700 1# - ADDED ENTRY--PERSONAL NAME
Personal name Eisenstein, Samuel,
Dates associated with a name 1913-
Relationship aui
700 1# - ADDED ENTRY--PERSONAL NAME
Personal name Grotjahn, Martin,
Dates associated with a name 1904-
Holdings
Withdrawn status Lost status Source of classification or shelving scheme Damaged status Not for loan Collection Home library Current library Date acquired Cost, normal purchase price Shelving control number Total checkouts Full call number Barcode Date last seen Price effective from Koha item type Public note
    Universal Decimal Classification     Pambookian Individual Collection Fundamental Scientific Library Fundamental Scientific Library 28/12/2016 6000.00     Pamb/3155 FL0008334 28/12/2016 28/12/2016 Գրքեր / Books ILL Non-Circ.


ՀՀ ԳԱԱ հիմնարար գիտական գրադարան
ՀՀ,Երևան 0019
Մարշալ Բաղրամյան 24/6
հեռախոս:(374-10) 52-47-50
Հետադարձ կապ

All site content, except where otherwise noted, is licensed under a
Creative Commons License